[Event "19. Obert Int. Sant Marti 2017 - B"]
[Site "Barcelona ESP"]
[Date "2017.07.15"]
[Round "3.58"]
[White "Escofet Llongueras, Joan"]
[Black "Martinez Navarro, Miquel"]
[Result "1-0"]
[WhiteElo "1676"]
[BlackElo "1547"]
[PlyCount "113"]
[EventDate "2017.07.13"]
[EventType "swiss"]
[EventRounds "9"]
[EventCountry "ESP"]
[SourceTitle "Ajedrez en Madrid"]
[Source "lmi"]
[SourceDate "2017.07.13"]
[SourceVersion "1"]
[SourceVersionDate "2019.06.21"]
[SourceQuality "1"]

1. c4 c5 2. Nc3 Nc6 3. g3 b6 4. Bg2 Bb7 5. e4 g6 6. Nge2 Bg7 7. O-O Rb8 8. d3
Nf6 9. h3 O-O 10. Be3 e5 11. Qd2 Nd4 12. Bg5 Qc8 13. Nxd4 cxd4 14. Nb5 a6 15.
Nd6 Qc7 16. Nxb7 Qxb7 17. Bh6 Qc6 18. Bxg7 Kxg7 19. Qg5 Qd6 20. f4 h6 21. fxe5
hxg5 22. exd6 Rfe8 23. Rae1 Re5 24. Bf3 Rc8 25. b4 Rc6 26. a4 Rxd6 27. Rc1 Rc6
28. Rc2 d6 29. Rcf2 Ng8 30. Bg4 f6 31. Rb2 Ne7 32. b5 axb5 33. axb5 Rc7 34.
Rbf2 Ng8 35. Ra2 Ne7 36. Ra6 Rb7 37. Rfa1 Rc5 38. Ra8 Rcc7 39. Rd8 f5 40. Bf3
Rd7 41. Rda8 Kf7 42. exf5 d5 43. fxg6+ Kxg6 44. Bg4 Rd6 45. Bf3 Rdd7 46. R1a6
Kf7 47. Bh5+ Kg7 48. Bg4 Rdc7 49. Bf3 Kf7 50. Rh8 Kg7 51. Rd8 Rd7 52. Rxd7 Rxd7
53. Rxb6 dxc4 54. dxc4 d3 55. c5 d2 56. Rd6 Rc7 57. c6 1-0

[Event "19. Obert Int. Sant Marti 2017 - B"]
[Site "Barcelona ESP"]
[Date "2017.07.15"]
[Round "3.59"]
[White "Pifarre Gene, Joan Baptista"]
[Black "Sanchez Paz, Josep"]
[Result "0-1"]
[WhiteElo "1422"]
[BlackElo "1657"]
[PlyCount "40"]
[EventDate "2017.07.13"]
[EventType "swiss"]
[EventRounds "9"]
[EventCountry "ESP"]
[SourceTitle "Ajedrez en Madrid"]
[Source "lmi"]
[SourceDate "2017.07.13"]
[SourceVersion "1"]
[SourceVersionDate "2019.06.21"]
[SourceQuality "1"]

1. e4 c5 2. Nf3 Nc6 3. d4 cxd4 4. Nxd4 Nf6 5. Nc3 e5 6. Nf3 Bb4 7. Bd2 d6 8.
Bc4 Bxc3 9. Bxc3 Nxe4 10. Qd5 Be6 11. Qxe4 d5 12. Qe2 dxc4 13. Rd1 Qc7 14. Nxe5
O-O 15. O-O Rad8 16. Nxc4 Rfe8 17. Rxd8 Rxd8 18. b3 Nd4 19. Qe5 Qxe5 20. Nxe5
Ne2+ 0-1

[Event "19. Obert Int. Sant Marti 2017 - B"]
[Site "Barcelona ESP"]
[Date "2017.07.15"]
[Round "3.61"]
[White "Gomez Guinovart, Josep Manel"]
[Black "Prokudin, Igor"]
[Result "1/2-1/2"]
[WhiteElo "1601"]
[BlackElo "1371"]
[PlyCount "65"]
[EventDate "2017.07.13"]
[EventType "swiss"]
[EventRounds "9"]
[EventCountry "ESP"]
[SourceTitle "Ajedrez en Madrid"]
[Source "lmi"]
[SourceDate "2017.07.13"]
[SourceVersion "1"]
[SourceVersionDate "2019.06.21"]
[SourceQuality "1"]

1. d4 d5 2. Bf4 Nf6 3. Nf3 c6 4. c3 Bf5 5. e3 e6 6. Bd3 Be7 7. Bxf5 exf5 8. O-O
O-O 9. Qc2 Ne4 10. Nbd2 Nd7 11. h3 Re8 12. Rfd1 Nf8 13. Ne5 Ng6 14. Nxg6 hxg6
15. Nf3 Nf6 16. Qe2 Nd7 17. a3 Nf8 18. Ne5 Ne6 19. Bh2 Bf6 20. Nd3 Rc8 21. Qd2
Be7 22. Rac1 Bd6 23. Bxd6 Qxd6 24. Re1 Nf8 25. Re2 Nd7 26. Rce1 Qc7 27. Qc2 Nf6
28. Rc1 Nd7 29. c4 Nb6 30. c5 Nd7 31. b4 Re7 32. a4 a6 33. Qb3 1/2-1/2

[Event "19. Obert Int. Sant Marti 2017 - B"]
[Site "Barcelona ESP"]
[Date "2017.07.15"]
[Round "3.64"]
[White "Ylla Soro, Rafael"]
[Black "Lopez Abaurrea, Eduardo"]
[Result "1-0"]
[WhiteElo "1612"]
[BlackElo "1422"]
[PlyCount "49"]
[EventDate "2017.07.13"]
[EventType "swiss"]
[EventRounds "9"]
[EventCountry "ESP"]
[SourceTitle "Ajedrez en Madrid"]
[Source "lmi"]
[SourceDate "2017.07.13"]
[SourceVersion "1"]
[SourceVersionDate "2019.06.21"]
[SourceQuality "1"]

1. e4 e5 2. f4 d6 3. Nf3 Nc6 4. Bc4 Be7 5. O-O Nf6 6. d3 Na5 7. Bxf7+ Kxf7 8.
fxe5 dxe5 9. Nxe5+ Kf8 10. c3 Nc6 11. Nxc6 bxc6 12. e5 Ke8 13. exf6 Bxf6 14.
Qe2+ Qe7 15. Qf3 Qd7 16. Nd2 Qd5 17. Ne4 Qf5 18. Nxf6+ Qxf6 19. Qxf6 gxf6 20.
Rxf6 Bb7 21. Bf4 Rg8 22. Re1+ Kd8 23. Rf7 Rc8 24. Bg3 c5 25. Bh4+ 1-0

[Event "19. Obert Int. Sant Marti 2017 - B"]
[Site "Barcelona ESP"]
[Date "2017.07.15"]
[Round "3.65"]
[White "Alabart Paytubi, Josep"]
[Black "Gabrielsen, Rasmus Arvola"]
[Result "0-1"]
[WhiteElo "1347"]
[BlackElo "1599"]
[PlyCount "62"]
[EventDate "2017.07.13"]
[EventType "swiss"]
[EventRounds "9"]
[EventCountry "ESP"]
[SourceTitle "Ajedrez en Madrid"]
[Source "lmi"]
[SourceDate "2017.07.13"]
[SourceVersion "1"]
[SourceVersionDate "2019.06.21"]
[SourceQuality "1"]

1. e4 c5 2. d3 g6 3. g3 Bg7 4. Bg2 Nc6 5. Nc3 Nf6 6. Nf3 d6 7. Be3 O-O 8. Qd2
Bg4 9. Bh6 Qd7 10. Bxg7 Kxg7 11. h3 Be6 12. Ne2 Qc7 13. Nh2 Qb6 14. b3 a5 15.
Ng4 Bxg4 16. hxg4 Nxg4 17. Bf3 Nce5 18. Bxg4 Nxg4 19. Nf4 e6 20. Ke2 Qb4 21.
Nh5+ gxh5 22. Qg5+ Kh8 23. Qxh5 Nf6 24. Qh6 Qc3 25. Kf3 d5 26. Rae1 dxe4+ 27.
Rxe4 Rg8 28. Reh4 Rg6 29. Qxh7+ Nxh7 30. Rxh7+ Kg8 31. Rh8+ Qxh8 0-1

[Event "19. Obert Int. Sant Marti 2017 - B"]
[Site "Barcelona ESP"]
[Date "2017.07.15"]
[Round "3.66"]
[White "Rodriguez Batuecas, Jordi"]
[Black "Hernandez Mediavilla, Juan Jose"]
[Result "1/2-1/2"]
[WhiteElo "1551"]
[BlackElo "1312"]
[PlyCount "88"]
[EventDate "2017.07.13"]
[EventType "swiss"]
[EventRounds "9"]
[EventCountry "ESP"]
[SourceTitle "Ajedrez en Madrid"]
[Source "lmi"]
[SourceDate "2017.07.13"]
[SourceVersion "1"]
[SourceVersionDate "2019.06.21"]
[SourceQuality "1"]

1. e4 c6 2. d4 d6 3. Nf3 Bg4 4. Be2 Bxf3 5. Bxf3 Nf6 6. O-O Nbd7 7. Be3 g6 8.
Nc3 Bg7 9. Be2 O-O 10. f4 e5 11. f5 a6 12. Qd2 exd4 13. Bxd4 Ne5 14. Rad1 Qc7
15. Qf4 h6 16. Bxe5 dxe5 17. Qh4 g5 18. Qg3 Rab8 19. Kh1 Rfd8 20. h4 Rxd1 21.
Rxd1 Nh7 22. Bc4 Kf8 23. hxg5 Nxg5 24. Qd3 Ke7 25. Qe2 Rd8 26. Rxd8 Qxd8 27.
Qd3 Qb6 28. Bb3 Qf2 29. Bc4 Qh4+ 30. Kg1 Qe1+ 31. Qf1 Qe3+ 32. Kh1 Nxe4 33.
Nxe4 Qxe4 34. Bd3 Qh4+ 35. Kg1 Qd4+ 36. Qf2 Qxf2+ 37. Kxf2 Kd6 38. b4 c5 39. b5
axb5 40. Bxb5 b6 41. Ke3 Kd5 42. c4+ Kd6 43. g4 f6 44. Ke4 Bf8 1/2-1/2

[Event "19. Obert Int. Sant Marti 2017 - B"]
[Site "Barcelona ESP"]
[Date "2017.07.15"]
[Round "3.67"]
[White "Guinjoan Fradera, Joan"]
[Black "Minko, Uliana"]
[Result "1-0"]
[WhiteElo "1531"]
[BlackElo "1293"]
[PlyCount "81"]
[EventDate "2017.07.13"]
[EventType "swiss"]
[EventRounds "9"]
[EventCountry "ESP"]
[SourceTitle "Ajedrez en Madrid"]
[Source "lmi"]
[SourceDate "2017.07.13"]
[SourceVersion "1"]
[SourceVersionDate "2019.06.21"]
[SourceQuality "1"]

1. e4 c5 2. Nf3 Nc6 3. d4 cxd4 4. Nxd4 g6 5. Nxc6 bxc6 6. c3 Bg7 7. Bc4 e6 8.
O-O Ne7 9. Be3 d5 10. exd5 exd5 11. Bb3 O-O 12. Bd4 Bh6 13. Bc5 Re8 14. Re1 a5
15. Nd2 Bg7 16. Nf3 Bg4 17. h3 Bf5 18. Nd4 Bd7 19. Nf3 Nf5 20. Qd2 Bh6 21.
Rxe8+ Bxe8 22. Qe2 Bg7 23. Bc2 Bd7 24. Re1 Be6 25. Bxf5 Bxf5 26. Nd4 Bd7 27.
Qe7 Qc8 28. Qd6 Be8 29. Qf4 Bd7 30. Re7 Be8 31. Rc7 Qb8 32. Nxc6 Qxb2 33. Ne7+
Kh8 34. Nxd5 Qxa2 35. Nf6 Qa1+ 36. Kh2 Qxc3 37. Bd4 Qe1 38. Nxe8 Qxe8 39. Rxf7
Bxd4 40. Qxd4+ Kg8 41. Qg7# 1-0

[Event "19. Obert Int. Sant Marti 2017 - B"]
[Site "Barcelona ESP"]
[Date "2017.07.15"]
[Round "3.68"]
[White "Bermejo Cuadra, Roberto"]
[Black "Climent Vidal, Pere"]
[Result "0-1"]
[WhiteElo "1312"]
[BlackElo "1530"]
[PlyCount "88"]
[EventDate "2017.07.13"]
[EventType "swiss"]
[EventRounds "9"]
[EventCountry "ESP"]
[SourceTitle "Ajedrez en Madrid"]
[Source "lmi"]
[SourceDate "2017.07.13"]
[SourceVersion "1"]
[SourceVersionDate "2019.06.21"]
[SourceQuality "1"]

1. e4 e6 2. d4 d5 3. e5 c5 4. Nf3 Be7 5. dxc5 Bxc5 6. Bb5+ Bd7 7. Bxd7+ Nxd7 8.
Bg5 Qb6 9. Be3 Bxe3 10. fxe3 Qxb2 11. Nbd2 Qc3 12. Kf2 Nxe5 13. Nxe5 Qxe5 14.
Rb1 b6 15. g3 Nf6 16. Nf3 Qf5 17. Kg2 Rc8 18. Nd4 Qe4+ 19. Qf3 Qxf3+ 20. Kxf3
Ke7 21. Rbc1 Rc5 22. Nb3 Rc3 23. Rhe1 Rhc8 24. Nd4 g6 25. h3 a6 26. Re2 R8c4
27. Rb1 Rxd4 28. Rxb6 Rdc4 29. Rxa6 Rxc2 30. Ra7+ Kf8 31. a4 Rxe2 32. Kxe2 Ne4
33. Kd3 Nc5+ 34. Kd2 Nxa4 35. Ra8+ Kg7 36. Kd3 Nc5+ 37. Kd2 Ne4+ 38. Kd3 Nxg3
39. Ra1 Rh4 40. Rg1 Rxh3 41. Kd4 Nf5+ 42. Ke5 Rxe3+ 43. Kf4 e5+ 44. Kg4 h5+ 0-1

[Event "19. Obert Int. Sant Marti 2017 - B"]
[Site "Barcelona ESP"]
[Date "2017.07.15"]
[Round "3.69"]
[White "Febrero Perez, Lluis"]
[Black "Minko, Aleksandr"]
[Result "0-1"]
[WhiteElo "1488"]
[BlackElo "1275"]
[PlyCount "78"]
[EventDate "2017.07.13"]
[EventType "swiss"]
[EventRounds "9"]
[EventCountry "ESP"]
[SourceTitle "Ajedrez en Madrid"]
[Source "lmi"]
[SourceDate "2017.07.13"]
[SourceVersion "1"]
[SourceVersionDate "2019.06.21"]
[SourceQuality "1"]

1. e4 c5 2. Nf3 Nc6 3. d4 cxd4 4. Nxd4 Nf6 5. Nxc6 bxc6 6. Bd3 d5 7. Nd2 Nxe4
8. Nxe4 dxe4 9. Bxe4 Qxd1+ 10. Kxd1 Bb7 11. b3 e5 12. Ke2 Bc5 13. Rd1 f5 14.
Bd3 e4 15. Bc4 Rd8 16. Bb2 Rd7 17. Rxd7 Kxd7 18. Bxg7 Re8 19. Kf1 Kc7 20. Bh6
e3 21. Bf4+ Kb6 22. b4 Bd4 23. Re1 Bc3 24. a4 Bxb4 25. Rb1 Kc5 26. c3 Bxc3 27.
Bxe3+ Kxc4 28. Rxb7 f4 29. Rxh7 fxe3 30. Rh4+ Kd3 31. Rh3 Kd2 32. fxe3 Rf8+ 33.
Kg1 Ke2 34. g4 Bd2 35. e4 Rf3 36. Rh5 Be3+ 37. Kg2 Rf2+ 38. Kh3 Bf4 39. g5 Kf3
0-1

[Event "19. Obert Int. Sant Marti 2017 - B"]
[Site "Barcelona ESP"]
[Date "2017.07.15"]
[Round "3.70"]
[White "Avila Lopez, Juan"]
[Black "Bailly, Axel"]
[Result "1-0"]
[WhiteElo "1282"]
[BlackElo "1470"]
[PlyCount "57"]
[EventDate "2017.07.13"]
[EventType "swiss"]
[EventRounds "9"]
[EventCountry "ESP"]
[SourceTitle "Ajedrez en Madrid"]
[Source "lmi"]
[SourceDate "2017.07.13"]
[SourceVersion "1"]
[SourceVersionDate "2019.06.21"]
[SourceQuality "1"]

1. d4 Nf6 2. Nf3 d6 3. Nc3 g6 4. Bf4 Bg7 5. e3 O-O 6. Bd3 a6 7. O-O b5 8. a3
Nh5 9. Bg5 c6 10. e4 Nf6 11. Re1 Nbd7 12. e5 dxe5 13. dxe5 Nd5 14. Be4 Nxc3 15.
bxc3 Bb7 16. Qe2 Qc7 17. Bxe7 Nxe5 18. Bxf8 Nxf3+ 19. Qxf3 Kxf8 20. Rad1 Re8
21. Qh3 Bc8 22. Qf3 h5 23. h3 c5 24. Bxg6 Rxe1+ 25. Rxe1 Qd7 26. Rd1 Qe6 27.
Bxh5 Bf6 28. Bg4 Qa2 29. Qxf6 1-0

[Event "19. Obert Int. Sant Marti 2017 - B"]
[Site "Barcelona ESP"]
[Date "2017.07.15"]
[Round "3.71"]
[White "Pinyol I Llora, Julia"]
[Black "Bienvenido Kleque, Jose"]
[Result "1/2-1/2"]
[WhiteElo "1130"]
[BlackElo "1468"]
[PlyCount "114"]
[EventDate "2017.07.13"]
[EventType "swiss"]
[EventRounds "9"]
[EventCountry "ESP"]
[SourceTitle "Ajedrez en Madrid"]
[Source "lmi"]
[SourceDate "2017.07.13"]
[SourceVersion "1"]
[SourceVersionDate "2019.06.21"]
[SourceQuality "1"]

1. e4 c6 2. Ne2 d5 3. e5 Bf5 4. Ng3 Bg6 5. h4 h6 6. h5 Bh7 7. e6 Nf6 8. exf7+
Kxf7 9. d4 e6 10. Bd3 Bxd3 11. Qxd3 Ke7 12. Bd2 Kd7 13. Qg6 Qe8 14. Qd3 Na6 15.
Qb3 Rb8 16. Bf4 Bd6 17. Be5 Bxe5 18. dxe5 Ng8 19. O-O Qe7 20. Re1 Kc7 21. Nc3
Qb4 22. Qxb4 Nxb4 23. Rec1 Ne7 24. a3 Na6 25. b4 b5 26. Nge2 Kd7 27. Nf4 Nc7
28. Rd1 Rhf8 29. g3 Kc8 30. Rab1 a6 31. a4 Rf5 32. Re1 Rf8 33. Kg2 Kd7 34. a5
Kc8 35. Rbd1 Kb7 36. Nce2 Kc8 37. Nd4 Kd7 38. Nb3 Ke8 39. Nc5 Kf7 40. Nd7 Rbd8
41. Nxf8 Rxf8 42. Nd3 Ke8 43. Nc5 Rf5 44. g4 Rf4 45. Nd3 Rf7 46. Re3 Rf8 47.
Rf3 Rg8 48. Nc5 g6 49. Kh3 gxh5 50. gxh5 Rg5 51. Kh4 Nf5+ 52. Kh3 Rxh5+ 53. Kg4
Rg5+ 54. Kf4 Kf7 55. Rh1 Rg2 56. Nd7 Ne8 57. Nc5 Nc7 1/2-1/2

[Event "19. Obert Int. Sant Marti 2017 - B"]
[Site "Barcelona ESP"]
[Date "2017.07.15"]
[Round "3.72"]
[White "Olleta Tanya, Jordi"]
[Black "Bois D`enghien, Noumea"]
[Result "0-1"]
[WhiteElo "1450"]
[BlackElo "1270"]
[PlyCount "50"]
[EventDate "2017.07.13"]
[EventType "swiss"]
[EventRounds "9"]
[EventCountry "ESP"]
[SourceTitle "Ajedrez en Madrid"]
[Source "lmi"]
[SourceDate "2017.07.13"]
[SourceVersion "1"]
[SourceVersionDate "2019.06.21"]
[SourceQuality "1"]

1. Nf3 d6 2. g3 Nf6 3. Bg2 g6 4. d4 Bg7 5. O-O O-O 6. Nbd2 c5 7. c3 b5 8. Ne1
d5 9. dxc5 a5 10. Nef3 Na6 11. Nd4 Nxc5 12. Nxb5 Rb8 13. Nd4 Bd7 14. Rb1 a4 15.
f4 Ng4 16. N2f3 Qb6 17. e3 Ne4 18. Bd2 Bb5 19. Nxb5 Nxe3 20. Qe2 Nxf1+ 21. Nbd4
Nfxd2 22. Nxd2 Bxd4+ 23. cxd4 Qxd4+ 24. Kh1 Nxd2 25. b3 Nxb1 0-1

[Event "19. Obert Int. Sant Marti 2017 - B"]
[Site "Barcelona ESP"]
[Date "2017.07.15"]
[Round "3.75"]
[White "Jimenez Rimblas, Raul"]
[Black "Orts Gonzalez, Rafael"]
[Result "1-0"]
[WhiteElo "1437"]
[BlackElo "1026"]
[PlyCount "99"]
[EventDate "2017.07.13"]
[EventType "swiss"]
[EventRounds "9"]
[EventCountry "ESP"]
[SourceTitle "Ajedrez en Madrid"]
[Source "lmi"]
[SourceDate "2017.07.13"]
[SourceVersion "1"]
[SourceVersionDate "2019.06.21"]
[SourceQuality "1"]

1. e4 c6 2. d4 d6 3. Nf3 Bg4 4. Be2 Bxf3 5. Bxf3 e6 6. Nc3 Qf6 7. O-O Nd7 8. d5
Ne5 9. b3 Nxf3+ 10. Qxf3 Qxf3 11. gxf3 Rc8 12. Bb2 Ne7 13. Rad1 g6 14. Nb5 Rg8
15. Nxd6+ Kd7 16. Nxc8 Nxc8 17. d6 f5 18. e5 g5 19. Kh1 h5 20. Rg1 g4 21. h3
Bh6 22. fxg4 hxg4 23. hxg4 f4 24. f3 Rh8 25. Kg2 Bg5 26. Bc1 Nb6 27. Rh1 Rh6
28. Rxh6 Bxh6 29. Rh1 Bg5 30. Rh5 Bd8 31. Bxf4 c5 32. g5 Nd5 33. Bd2 Bb6 34. g6
Ke8 35. g7 Kf7 36. Rg5 Kg8 37. d7 Ne7 38. Be3 Nf5 39. Bxc5 Bd8 40. f4 b6 41.
Bf8 Nh4+ 42. Kf2 Nf5 43. Rxf5 Bh4+ 44. Kf3 exf5 45. e6 a5 46. e7 Kh7 47. e8=Q
Bf6 48. Qh5+ Kg8 49. Qh8+ Kf7 50. g8=Q# 1-0

[Event "19. Obert Int. Sant Marti 2017 - B"]
[Site "Barcelona ESP"]
[Date "2017.07.16"]
[Round "4.1"]
[White "Samrat, Ghorai"]
[Black "Siludakis, Hernan"]
[Result "1-0"]
[WhiteElo "1938"]
[BlackElo "1874"]
[PlyCount "63"]
[EventDate "2017.07.13"]
[EventType "swiss"]
[EventRounds "9"]
[EventCountry "ESP"]
[SourceTitle "Ajedrez en Madrid"]
[Source "lmi"]
[SourceDate "2017.07.13"]
[SourceVersion "1"]
[SourceVersionDate "2019.06.21"]
[SourceQuality "1"]

1. e4 e6 2. d4 d5 3. Nc3 Bb4 4. Nge2 Nc6 5. a3 Ba5 6. b4 Bb6 7. Bb2 Nge7 8. g3
e5 9. exd5 Nxd4 10. Bg2 Bg4 11. Qd3 Nxd5 12. Bxd5 Bxe2 13. Bxf7+ Kxf7 14. Nxe2
Qd5 15. O-O-O c5 16. c4 Qe6 17. bxc5 Nxe2+ 18. Qxe2 Bxc5 19. Rd5 Bd4 20. Bxd4
exd4 21. Qxe6+ Kxe6 22. Re1+ Kf6 23. Rxd4 Rac8 24. Rf4+ Kg5 25. Re7 b5 26.
Rxg7+ Kh6 27. Rxa7 bxc4 28. Ra4 c3 29. Rac4 Rhd8 30. Rxc8 Rxc8 31. Kc2 Ra8 32.
a4 1-0

[Event "19. Obert Int. Sant Marti 2017 - B"]
[Site "Barcelona ESP"]
[Date "2017.07.16"]
[Round "4.2"]
[White "Mota, Pankit"]
[Black "Majumdar, Shankar"]
[Result "1-0"]
[WhiteElo "1859"]
[BlackElo "1934"]
[PlyCount "107"]
[EventDate "2017.07.13"]
[EventType "swiss"]
[EventRounds "9"]
[EventCountry "ESP"]
[SourceTitle "Ajedrez en Madrid"]
[Source "lmi"]
[SourceDate "2017.07.13"]
[SourceVersion "1"]
[SourceVersionDate "2019.06.21"]
[SourceQuality "1"]

1. e4 d5 2. exd5 Qxd5 3. Nc3 Qd6 4. d4 Nf6 5. Nf3 g6 6. Bg5 Bg7 7. Qd2 c6 8.
Ne5 b5 9. a3 Nbd7 10. f4 a6 11. Be2 c5 12. Bf3 Ra7 13. Bxf6 Bxf6 14. Ne4 Qxd4
15. Qxd4 cxd4 16. Nxd7 Bxd7 17. Nxf6+ exf6 18. O-O-O O-O 19. Rxd4 f5 20. Rhd1
Be6 21. Rd8 Rxd8 22. Rxd8+ Kg7 23. Ra8 Rxa8 24. Bxa8 a5 25. Bc6 b4 26. axb4
axb4 27. Kd2 Kf6 28. Kd3 Ke7 29. Kd4 Kd6 30. Bb5 Bd5 31. g3 f6 32. Bc4 Bf3 33.
Bg8 h6 34. Bh7 Be4 35. Bxg6 Bxc2 36. Kc4 b3 37. Bf7 Kc6 38. Kc3 Bd1 39. Bxb3
Bf3 40. Bc2 Bg4 41. Kd4 Bh3 42. Bd3 Bg4 43. b4 Bh3 44. b5+ Kd6 45. b6 Kc6 46.
b7 Kxb7 47. Kd5 Kb6 48. Ke6 Kc5 49. Bxf5 Bg2 50. Kxf6 h5 51. Kg5 Bf3 52. Bg6
Kd6 53. Bxh5 Be4 54. Kf6 1-0

[Event "19. Obert Int. Sant Marti 2017 - B"]
[Site "Barcelona ESP"]
[Date "2017.07.16"]
[Round "4.3"]
[White "Espinosa Cebrian, Carlos"]
[Black "Pera Muntasell, Marc"]
[Result "1-0"]
[WhiteElo "1921"]
[BlackElo "1800"]
[PlyCount "112"]
[EventDate "2017.07.13"]
[EventType "swiss"]
[EventRounds "9"]
[EventCountry "ESP"]
[SourceTitle "Ajedrez en Madrid"]
[Source "lmi"]
[SourceDate "2017.07.13"]
[SourceVersion "1"]
[SourceVersionDate "2019.06.21"]
[SourceQuality "1"]

1. d4 d5 2. Nf3 Nf6 3. Bf4 e6 4. e3 b6 5. Ne5 Bb7 6. Bd3 Bd6 7. Qf3 O-O 8. Qh3
c5 9. c3 Qc7 10. Ng4 Nbd7 11. Bg5 Ne4 12. Qh5 f5 13. Bxe4 dxe4 14. h3 Rf7 15.
Ne5 Bxe5 16. dxe5 Nxe5 17. O-O Nd3 18. b3 c4 19. Qe2 b5 20. Qc2 Rc8 21. a4 a6
22. axb5 axb5 23. b4 Ra8 24. Rxa8+ Bxa8 25. Na3 Qb6 26. Qd2 e5 27. Ra1 Bc6 28.
Nc2 h6 29. Bh4 f4 30. Qe2 g5 31. Qh5 Bb7 32. Bxg5 hxg5 33. Qxg5+ Rg7 34. Qh4
Qg6 35. Qd8+ Kh7 36. Qh4+ Qh6 37. Qxh6+ Kxh6 38. Ra5 fxe3 39. Nxe3 Bc8 40. Rxb5
Bxh3 41. Rb8 Be6 42. b5 Kg5 43. b6 Nf4 44. Kf1 Rh7 45. Ke1 Nd3+ 46. Ke2 Rf7 47.
b7 Kf6 48. g4 Nf4+ 49. Kd2 Ng6 50. Kc2 Kg5 51. Re8 Rxb7 52. Rxe6 Rc7 53. Re8
Rc5 54. Ra8 Nf4 55. Ra4 Nd3 56. Nxc4 Nxf2 1-0

[Event "19. Obert Int. Sant Marti 2017 - B"]
[Site "Barcelona ESP"]
[Date "2017.07.16"]
[Round "4.4"]
[White "Sarrate Presas, Jordi"]
[Black "Rios Torondell, Jaume"]
[Result "1/2-1/2"]
[WhiteElo "1770"]
[BlackElo "1881"]
[PlyCount "34"]
[EventDate "2017.07.13"]
[EventType "swiss"]
[EventRounds "9"]
[EventCountry "ESP"]
[SourceTitle "Ajedrez en Madrid"]
[Source "lmi"]
[SourceDate "2017.07.13"]
[SourceVersion "1"]
[SourceVersionDate "2019.06.21"]
[SourceQuality "1"]

1. c4 d5 2. d4 dxc4 3. Na3 g6 4. Nxc4 Bg7 5. e3 Nf6 6. Be2 O-O 7. Nf3 Nbd7 8.
b3 c5 9. Bb2 b6 10. Rc1 Bb7 11. O-O Rc8 12. Ba1 Ne4 13. Nfd2 cxd4 14. Nxe4 Bxe4
15. Bxd4 Nc5 16. Bxg7 Kxg7 17. f3 Bd3 1/2-1/2

[Event "19. Obert Int. Sant Marti 2017 - B"]
[Site "Barcelona ESP"]
[Date "2017.07.16"]
[Round "4.5"]
[White "Morais Carreras, Javier"]
[Black "Serra Vilaro, Agustin"]
[Result "1-0"]
[WhiteElo "1925"]
[BlackElo "1770"]
[PlyCount "65"]
[EventDate "2017.07.13"]
[EventType "swiss"]
[EventRounds "9"]
[EventCountry "ESP"]
[SourceTitle "Ajedrez en Madrid"]
[Source "lmi"]
[SourceDate "2017.07.13"]
[SourceVersion "1"]
[SourceVersionDate "2019.06.21"]
[SourceQuality "1"]

1. e4 d5 2. exd5 Qxd5 3. Nc3 Qd6 4. Nf3 Nf6 5. d4 c6 6. Be3 Bg4 7. h3 Bh5 8. g4
Bg6 9. Qd2 Nd5 10. Nxd5 Qxd5 11. Be2 Nd7 12. Rg1 e6 13. c4 Qe4 14. Ng5 Qc2 15.
Qxc2 Bxc2 16. Rc1 Bb4+ 17. Bd2 Bxd2+ 18. Kxd2 Bg6 19. h4 h6 20. Nh3 O-O-O 21.
Nf4 Bh7 22. Kc3 e5 23. dxe5 Nxe5 24. Rcd1 Be4 25. Rg3 Rxd1 26. Bxd1 Rd8 27. Be2
Bb1 28. Re3 f6 29. a3 Rd7 30. Nh5 Bg6 31. f4 Bxh5 32. fxe5 Bf7 33. e6 1-0

[Event "19. Obert Int. Sant Marti 2017 - B"]
[Site "Barcelona ESP"]
[Date "2017.07.16"]
[Round "4.6"]
[White "Robaina Bordon, Hector"]
[Black "Gallego Montes, Antoni"]
[Result "1/2-1/2"]
[WhiteElo "1805"]
[BlackElo "1908"]
[PlyCount "28"]
[EventDate "2017.07.13"]
[EventType "swiss"]
[EventRounds "9"]
[EventCountry "ESP"]
[SourceTitle "Ajedrez en Madrid"]
[Source "lmi"]
[SourceDate "2017.07.13"]
[SourceVersion "1"]
[SourceVersionDate "2019.06.21"]
[SourceQuality "1"]

1. d4 c5 2. c3 e5 3. dxe5 Nc6 4. Nf3 Nge7 5. Bg5 h6 6. Bh4 Qb6 7. Qc2 d5 8.
exd6 Nf5 9. Bg3 Bxd6 10. Nbd2 Be6 11. Bxd6 Nxd6 12. e3 O-O-O 13. Be2 Rhe8 14.
a4 Kb8 1/2-1/2

[Event "19. Obert Int. Sant Marti 2017 - B"]
[Site "Barcelona ESP"]
[Date "2017.07.16"]
[Round "4.7"]
[White "Atul, Kumar"]
[Black "Prieto Velasco, Rafael"]
[Result "0-1"]
[WhiteElo "1907"]
[BlackElo "1772"]
[PlyCount "138"]
[EventDate "2017.07.13"]
[EventType "swiss"]
[EventRounds "9"]
[EventCountry "ESP"]
[SourceTitle "Ajedrez en Madrid"]
[Source "lmi"]
[SourceDate "2017.07.13"]
[SourceVersion "1"]
[SourceVersionDate "2019.06.21"]
[SourceQuality "1"]

1. e4 e6 2. d4 d5 3. e5 c5 4. c3 Nc6 5. f4 Qb6 6. Nf3 Bd7 7. b3 cxd4 8. cxd4
Rc8 9. Bb2 Nh6 10. a3 Nf5 11. Qd3 h5 12. Nbd2 a5 13. Rc1 Be7 14. g3 O-O 15. Bh3
Ncxd4 16. Rxc8 Nxf3+ 17. Nxf3 Rxc8 18. Bxf5 exf5 19. Nd4 g6 20. O-O Be6 21. Kh1
Kg7 22. h3 a4 23. b4 Bc5 24. bxc5 Qxb2 25. Rb1 Qf2 26. Rxb7 Kh6 27. c6 h4 28.
gxh4 Qxf4 29. Rb4 Qxe5 30. Rxa4 Qf4 31. Rb4 Qf2 32. Qd1 Qxh4 33. Kg2 Qg5+ 34.
Kh2 Qe3 35. Rb3 Qf2+ 36. Kh1 Qf4 37. Qd3 Qc1+ 38. Kg2 Qg5+ 39. Kf2 Qf4+ 40. Ke2
Qh2+ 41. Kd1 Qg1+ 42. Kc2 Qf2+ 43. Qd2+ Qxd2+ 44. Kxd2 Kg7 45. a4 Kf6 46. a5
Ke5 47. Ke3 f4+ 48. Kd3 Bxh3 49. a6 Bf1+ 50. Kc3 Bxa6 51. Ra3 Bf1 52. Ra7 Kf6
53. Rd7 g5 54. Rxd5 Kg6 55. Kd2 g4 56. Ke1 Bg2 57. Rd6+ f6 58. Kf2 Be4 59. Re6
g3+ 60. Kg1 Bd5 61. Rd6 Bc4 62. Kg2 Bf7 63. Rd7 Bc4 64. c7 Ba6 65. Kf3 Bb7+ 66.
Kxf4 g2 67. Nf5 g1=Q 68. Rg7+ Kh5 69. Rxg1 Rxc7 0-1

[Event "19. Obert Int. Sant Marti 2017 - B"]
[Site "Barcelona ESP"]
[Date "2017.07.16"]
[Round "4.8"]
[White "Calafell Marques, Jose"]
[Black "Poyato Ruiz, Fernando"]
[Result "0-1"]
[WhiteElo "1762"]
[BlackElo "1863"]
[PlyCount "94"]
[EventDate "2017.07.13"]
[EventType "swiss"]
[EventRounds "9"]
[EventCountry "ESP"]
[SourceTitle "Ajedrez en Madrid"]
[Source "lmi"]
[SourceDate "2017.07.13"]
[SourceVersion "1"]
[SourceVersionDate "2019.06.21"]
[SourceQuality "1"]

1. e4 e6 2. d4 d5 3. Nc3 Nf6 4. e5 Nfd7 5. Nce2 c5 6. c3 Nc6 7. Nf3 Be7 8. Nf4
cxd4 9. cxd4 Bb4+ 10. Bd2 Qa5 11. Bxb4 Nxb4 12. Nd2 Nc6 13. Ne2 O-O 14. Qb3 Qb4
15. Qxb4 Nxb4 16. Kd1 Nd3 17. Kc2 Nxf2 18. Rg1 Ng4 19. h3 Ne3+ 20. Kd3 Nxf1 21.
Rgxf1 b6 22. Rfc1 Ba6+ 23. Ke3 Rac8 24. Rxc8 Rxc8 25. Rc1 Rxc1 26. Nxc1 f6 27.
Nf3 Kf7 28. Nd3 Bxd3 29. Kxd3 h6 30. g4 fxe5 31. dxe5 Nc5+ 32. Ke3 Ne4 33. Nd4
Nc5 34. Nc6 a5 35. b4 axb4 36. Nxb4 Ke7 37. Nc6+ Kd7 38. Nd4 Na6 39. a3 Nb8 40.
Kf4 Nc6 41. Nc2 g5+ 42. Kg3 Nxe5 43. h4 Kd6 44. hxg5 hxg5 45. Nd4 Nc4 46. a4
Nb2 47. Nb5+ Ke5 0-1